Биогеохимические поиски рудных месторождений: доклады секции "Биогеохимические исследования при поисках месторождений полезных ископаемых" V Всесоюзного совещания "Микроэлементы в сельском хозяйстве и медицине", 15-20 августа 1966 г., г. Иркутск

Մատենագիտական մանրամասներ
Համատեղ հեղինակ: Академия наук СССР (АН СССР) Сибирское отделение (СО) Бурятский институт естественных наук (БИЕН)
Այլ հեղինակներ: Ковалевский А. Л. (редактор), Перельман А. И.
Լեզու:ռուսերեն
Հրապարակվել է: Улан-Удэ, Бурятский ин-т естественных наук, 1969
Խորագրեր:
Ձևաչափ: MixedMaterials Գիրք
KOHA link:https://koha.lib.tpu.ru/cgi-bin/koha/opac-detail.pl?biblionumber=125109

MARC

LEADER 00000nam0a2200000 4500
001 125109
005 20231031131227.0
035 |a (RuTPU)RU\TPU\book\135384 
090 |a 125109 
100 |a 20071109d1969 k y0rusy50 ca 
101 0 |a rus 
102 |a RU 
105 |a a z 101zy 
200 1 |a Биогеохимические поиски рудных месторождений  |e доклады секции "Биогеохимические исследования при поисках месторождений полезных ископаемых" V Всесоюзного совещания "Микроэлементы в сельском хозяйстве и медицине", 15-20 августа 1966 г., г. Иркутск  |f Академия наук СССР, Сибирское отделение; Бурятский институт естественных наук; под ред. А. Л. Ковалевского; А. И. Перельмана 
210 |a Улан-Удэ  |c Бурятский ин-т естественных наук  |d 1969 
215 |a 288 с.  |c ил. 
320 |a Библиография в конце глав. 
610 1 |a рудные месторождения 
610 1 |a биогеохимические поиски 
610 1 |a разработка 
610 1 |a использование 
610 1 |a сборники 
675 |a 553.3/4.08(063)  |v 3 
702 1 |a Ковалевский  |b А. Л.  |4 340 
702 1 |a Перельман  |b А. И.  |4 340 
712 0 2 |a Академия наук СССР (АН СССР)  |b Сибирское отделение (СО)  |b Бурятский институт естественных наук (БИЕН)  |c (Улан-Удэ)  |2 stltpush  |3 (RuTPU)RU\TPU\col\11570 
801 1 |a RU  |b 63413507  |c 20071109  |g PSBO 
801 2 |a RU  |b 63413507  |c 20090203  |g PSBO 
942 |c BK